000 00477nam a2200181Ia 4500
001 2643
005 20260306144822.0
008 260306t2005||||xx |||||||||||||| ||spa||
041 _aESP
082 _a618.928589
_bC42
100 _aCebrián Garrido, Inés
_eAUT
245 0 _aLas conductas hiperactivas en el colegio a través de los diarios de campo
260 _c2005
300 _a245 páginas :
_c24 cm.
650 _aGEN
654 _aCPS
942 _cLIB
_dJUS
_fJUS
_2ddc
_n
999 _c2643
_d2643